[Event "Guimaraes Open 2019"]
[Site "Guimaraes"]
[Date "2019.09.01"]
[Round "7.3"]
[White "Ruperez Benito, Antonio"]
[Black "Martinez Duany, Lelys Stanley"]
[Result "1/2-1/2"]
[WhiteElo "2331"]
[BlackElo "2526"]
[Annotator "TA"]
[PlyCount "76"]
[EventDate "2019.08.28"]
[EventType "swiss"]
[EventCountry "POR"]
[SourceTitle "playchess.com"]
[Source "ChessBase"]
[SourceQuality "1"]

{[%evp 10,76,33,29,51,41,63,53,55,27,33,14,64,29,27,21,31,13,13,0,10,10,16,0,0,0,0,-9,0,-19,-30,-29,20,0,0,0,0,0,0,0,0,0,0,0,0,0,0,0,0,0,0,0,0,0,0,0,37,38,47,26,57,0,0,0,81,77,78,88,81]} 1. e4 e5 2. Nf3 Nc6 3. Bc4 Nf6 4. d3 h6 5. O-O d6 6. c3 Qe7 {C55: Two Knights: 4 d3, 4 d4 exd4 5 e5 and Max Lange Attack} (6... g6 7. a4 Bg7 8. Re1 O-O 9. Nbd2 Re8 10. Nf1 Be6 11. Ng3 d5 12. Bb5 Nd7 13. Bd2 a6 14. Bxc6 bxc6 {½-½ (41) Karjakin,S (2750)-Rapport,R (2747) Saint Louis 2019}) 7. Re1 g6 8. Nbd2 Bg7 {White is slightly better.} 9. Nf1 O-O 10. d4 Kh7 $146 ({Predecessor:} 10... Bd7 11. Ng3 Kh8 12. h3 Rae8 13. Be3 Ng8 14. Qd2 Kh7 15. Rad1 Rd8 16. Bd5 Qe8 17. dxe5 dxe5 {1-0 (58) Pruijssers,R (2506)-Van de Griendt,J (2335) Netherlands 2019}) 11. dxe5 Nxe5 12. Nxe5 dxe5 13. b4 a5 14. Qb3 a4 15. Qc2 Be6 16. Bxe6 Qxe6 17. a3 Rfd8 18. Ne3 c6 19. Bb2 h5 20. c4 Ng4 21. c5 Nxe3 $1 22. Rxe3 Rd7 23. Rd3 Rad8 24. Rad1 Rxd3 25. Rxd3 Rxd3 26. Qxd3 Qa2 27. Qc2 Bf6 28. Kf1 Bd8 29. Ke2 b5 30. cxb6 Bxb6 {[#] Threatens to win with ...Bd4.} 31. Kd3 Qe6 32. f3 Bg1 33. Qxa4 Bxh2 34. Qc2 Bf4 35. Qc4 (35. Kc3 $14) 35... Qd7+ $11 36. Kc2 Kg8 (36... Qd2+ $11 37. Kb3 Qxg2 38. Qxf7+ Kh6 39. Qf8+ Kg5 40. Qe7+ Kh6 41. Qf8+ Kg5 42. Qe7+ Kh6) 37. Bc3 $16 h4 38. a4 Qa7 {Accuracy: White = 45%, Black = 69%.} 1/2-1/2

[Event "Guimaraes Open 2019"]
[Site "Guimaraes"]
[Date "2019.09.01"]
[Round "7.4"]
[White "Sanchez Aller, Fernando"]
[Black "Veiga, Jose Francisco R P N"]
[Result "1/2-1/2"]
[WhiteElo "2331"]
[BlackElo "2346"]
[Annotator "ChessBase"]
[PlyCount "113"]
[EventDate "2019.08.28"]
[EventType "swiss"]
[EventCountry "POR"]
[SourceTitle "playchess.com"]
[Source "ChessBase"]
[SourceQuality "1"]
[TimeControl "5400+30"]

1. e4 {[%emt 0:00:15]} e5 {[%emt 0:00:00]} 2. Nf3 {[%emt 0:00:05]} Nc6 {[%emt 0:00:00]} 3. Bb5 {[%emt 0:00:08]} a6 {[%emt 0:00:00]} 4. Ba4 {[%emt 0:00:03]} Nf6 {[%emt 0:00:00]} 5. O-O {[%emt 0:00:08]} Be7 {[%emt 0:00:00]} 6. Re1 {[%emt 0:00:05]} b5 {[%emt 0:00:00]} 7. Bb3 {[%emt 0:00:04]} d6 {[%emt 0:00:00]} 8. c3 {[%emt 0:00:09]} O-O {[%emt 0:00:14]} 9. d4 {[%emt 0:00:06]} Bg4 {[%emt 0:00:30]} 10. h3 {[%emt 0:00:18]} Bxf3 {[%emt 0:02:33]} 11. gxf3 {[%emt 0:00:05]} Na5 {[%emt 0:10:02]} 12. Bc2 {[%emt 0:00:09]} Nd7 {[%emt 0:00:38]} 13. f4 {[%emt 0:00:28]} c5 {[%emt 0:05:55]} 14. dxe5 {[%emt 0:05:01]} dxe5 {[%emt 0:00:01]} 15. Qg4 {[%emt 0:00:33]} Nf6 {[%emt 0:01:00]} 16. Qf3 {[%emt 0:00:24]} Nc6 {[%emt 0:02:17]} 17. f5 {[%emt 0:05:19]} h6 {[%emt 0:02:54]} 18. Rd1 {[%emt 0:01:51]} Qc7 {[%emt 0:04:52]} 19. Kh1 {[%emt 0:05:51]} Kh8 {[%emt 0:02:20]} 20. Nd2 {[%emt 0:03:02]} Nh7 {[%emt 0:02:19]} 21. Nf1 {[%emt 0:18:25]} Rad8 {[%emt 0:02:02]} 22. Be3 {[%emt 0:00:25]} Rxd1 {[%emt 0:01:12]} 23. Rxd1 {[%emt 0:00:05]} Rd8 {[%emt 0:00:09]} 24. Re1 {[%emt 0:01:00]} Qa5 {[%emt 0:07:12]} 25. Ra1 {[%emt 0:05:08]} c4 {[%emt 0:03:30]} 26. b4 {[%emt 0:05:57]} Qc7 {[%emt 0:06:03]} 27. Rd1 {[%emt 0:02:03]} Bg5 {[%emt 0:06:27]} 28. Bc5 {[%emt 0:04:18]} Be7 {[%emt 0:00:16]} 29. Qe3 {[%emt 0:07:35]} Rxd1 {[%emt 0:01:31]} 30. Bxd1 {[%emt 0:00:05]} Bxc5 {[%emt 0:00:18]} 31. Qxc5 {[%emt 0:00:36]} Nf6 {[%emt 0:00:11]} 32. Bc2 {[%emt 0:02:39]} Nd7 {[%emt 0:01:00]} 33. Qd5 {[%emt 0:01:11]} Kg8 {[%emt 0:00:12]} 34. Ne3 {[%emt 0:01:00]} Nb6 {[%emt 0:01:31]} 35. Qc5 {[%emt 0:02:41]} Nc8 {[%emt 0:01:14]} 36. Nd5 {[%emt 0:07:00]} Qd6 {[%emt 0:00:04]} 37. Qxd6 {[%emt 0:01:18]} Nxd6 {[%emt 0:00:01]} 38. Kg2 {[%emt 0:00:55]} a5 {[%emt 0:01:02]} 39. a3 {[%emt 0:00:24]} axb4 {[%emt 0:00:05]} 40. axb4 {[%emt 0:00:21]} Kf8 {[%emt 0:00:42]} 41. Kf3 {[%emt 0:02:19]} Ne7 {[%emt 0:00:31]} 42. Nc7 {[%emt 0:01:13]} Ng8 {[%emt 0:00:53]} 43. Ke3 {[%emt 0:00:20]} Ke7 {[%emt 0:02:10]} 44. f4 {[%emt 0:01:49]} f6 {[%emt 0:00:09]} 45. h4 {[%emt 0:03:53]} Kf7 {[%emt 0:03:06]} 46. Bd1 {[%emt 0:00:36]} Ne7 {[%emt 0:00:34]} 47. Bh5+ {[%emt 0:00:26]} Kf8 {[%emt 0:00:33]} 48. fxe5 {[%emt 0:04:59]} fxe5 {[%emt 0:00:02]} 49. Ne6+ {[%emt 0:00:16]} Kg8 {[%emt 0:00:03]} 50. Nc5 {[%emt 0:04:08]} Nc6 {[%emt 0:00:06]} 51. Nd7 {[%emt 0:00:19]} Kh8 {[%emt 0:02:43]} 52. Bg6 {[%emt 0:03:34]} Kg8 {[%emt 0:00:08]} 53. Kf3 {[%emt 0:01:17]} Kh8 {[%emt 0:00:06]} 54. Nc5 {[%emt 0:00:52]} Ne7 {[%emt 0:00:55]} 55. Nd7 {[%emt 0:02:56]} Nc6 {[%emt 0:00:14]} 56. Nc5 {[%emt 0:00:42]} Ne7 {[%emt 0:00:08]} 57. Nd7 {[%emt 0:00:24]} 1/2-1/2

[Event "Guimaraes Open 2019"]
[Site "Guimaraes"]
[Date "2019.09.01"]
[Round "7.5"]
[White "Galego, Luis"]
[Black "Lara Lopez, Sergio"]
[Result "1/2-1/2"]
[WhiteElo "2506"]
[BlackElo "2226"]
[Annotator "ChessBase"]
[PlyCount "60"]
[EventDate "2019.08.28"]
[EventType "swiss"]
[EventCountry "POR"]
[SourceTitle "playchess.com"]
[Source "ChessBase"]
[SourceQuality "1"]
[TimeControl "5400+30"]

1. e4 {[%emt 0:00:00]} e6 {[%emt 0:00:56]} 2. d4 {[%emt 0:01:05]} d5 {[%emt 0:00:55]} 3. exd5 {[%emt 0:01:16]} exd5 {[%emt 0:00:07]} 4. Nf3 {[%emt 0:00:01]} Bd6 {[%emt 0:00:10]} 5. h3 {[%emt 0:00:04]} Bf5 {[%emt 0:00:26]} 6. Bd3 {[%emt 0:00:58]} Ne7 {[%emt 0:00:07]} 7. c4 {[%emt 0:00:40]} c6 {[%emt 0:04:23]} 8. O-O {[%emt 0:00:39]} Bxd3 {[%emt 0:01:58]} 9. Qxd3 {[%emt 0:00:05]} dxc4 {[%emt 0:01:17]} 10. Qxc4 {[%emt 0:00:04]} O-O {[%emt 0:00:31]} 11. Nc3 {[%emt 0:00:04]} Nd7 {[%emt 0:00:16]} 12. Bg5 {[%emt 0:00:18]} Nb6 {[%emt 0:04:20]} 13. Qb3 {[%emt 0:00:09]} h6 {[%emt 0:00:57]} 14. Bxe7 {[%emt 0:00:06]} Qxe7 {[%emt 0:04:01]} 15. a4 {[%emt 0:00:08]} Rad8 {[%emt 0:08:52]} 16. Rfe1 {[%emt 0:00:26]} Qd7 {[%emt 0:02:40]} 17. Kf1 {[%emt 0:03:41]} Qf5 {[%emt 0:03:24]} 18. a5 {[%emt 0:01:46]} Qd3+ {[%emt 0:00:08]} 19. Kg1 {[%emt 0:04:47]} Qc4 {[%emt 0:01:23]} 20. Qd1 {[%emt 0:04:51]} Nd5 {[%emt 0:00:33]} 21. Nxd5 {[%emt 0:01:43]} Qxd5 {[%emt 0:00:09]} 22. a6 {[%emt 0:00:03]} b6 {[%emt 0:00:29]} 23. Qc2 {[%emt 0:00:04]} Rfe8 {[%emt 0:01:02]} 24. Rxe8+ {[%emt 0:00:40]} Rxe8 {[%emt 0:00:05]} 25. Rc1 {[%emt 0:00:59]} Rc8 {[%emt 0:03:08]} 26. Qc4 {[%emt 0:00:31]} Qxc4 {[%emt 0:00:54]} 27. Rxc4 {[%emt 0:00:01]} c5 {[%emt 0:00:25]} 28. dxc5 {[%emt 0:00:10]} Rxc5 {[%emt 0:01:36]} 29. Rxc5 {[%emt 0:00:11]} Bxc5 {[%emt 0:00:05]} 30. Ne5 {[%emt 0:01:32]} b5 {[%emt 0:05:53]} 1/2-1/2

[Event "Guimaraes Open 2019"]
[Site "Guimaraes"]
[Date "2019.09.01"]
[Round "7.6"]
[White "Lopez Mulet, Inigo"]
[Black "Jimenez Martinez, Jose Vicente"]
[Result "1-0"]
[WhiteElo "2397"]
[BlackElo "2264"]
[Annotator "TA"]
[PlyCount "83"]
[EventDate "2019.08.28"]
[EventType "swiss"]
[EventCountry "POR"]
[SourceTitle "playchess.com"]
[Source "ChessBase"]
[SourceQuality "1"]

{[%evp 22,83,19,22,21,14,51,18,22,22,26,22,24,28,24,0,36,-7,-3,-3,-3,-8,-6,-22,-22,-68,-16,-14,-15,-24,-29,-22,21,7,0,0,18,10,390,390,381,373,390,385,424,366,462,439,689,641,877,877,854,823,789,759,1564,1404,1916,1903,1903,1566,6095,5837]} 1. d4 g6 2. c4 Bg7 3. g3 d6 4. Bg2 Nf6 5. Nf3 O-O 6. Nc3 Nc6 7. O-O e5 8. dxe5 Nxe5 9. Nxe5 dxe5 10. Qxd8 Rxd8 11. Bg5 Rd4 12. b3 c6 {E62: King's Indian: Fianchetto: 6...c6 and Panno Variation (6...Nc6) without ...a6} 13. Na4 Bf5 {[#]} 14. Be3 $146 ({Predecessor:} 14. h3 h5 15. Be3 Rdd8 16. Nc5 Rab8 17. Rfd1 Rxd1+ 18. Rxd1 Bf8 19. Na4 Ra8 20. Nc5 {1-0 (48) Howell,D (2655)-Kollars,D (2500) Caleta 2017}) 14... Rd6 {The position is equal.} 15. Nc5 Rb8 16. Rfd1 Bf8 17. h3 h5 18. b4 Be7 19. b5 Rxd1+ 20. Rxd1 cxb5 21. cxb5 b6 22. Na6 Rc8 23. Bc6 Be6 ({Black should try} 23... Bxh3 $15 24. a4 Bg4) 24. a4 {[%cal Ba2a4,Ba4a5][%mdl 32]} Bb3 25. Ra1 Nd5 26. Bd2 Nc7 27. a5 {Nxc7 is the strong threat.} Ne6 28. Bb4 Bd8 29. e3 Bc4 $2 {[%mdl 8192]} (29... bxa5 $11 {and Black is okay.} 30. Bxa5 Bf6) 30. Bb7 $18 Rc7 31. Nxc7 Bxc7 32. Bc6 Kg7 33. Bd7 Bd8 34. Rc1 {White is clearly winning.} Bd5 (34... bxa5 $142 35. Rxc4 axb4 36. Bxe6 fxe6 37. Rxb4 Kf8) 35. a6 Kf6 36. Rc8 Be7 37. Bxe7+ Kxe7 38. Bxe6 fxe6 39. Rc7+ {[%mdl 64] [#] Double Attack} Kd6 40. Rxa7 Kc5 41. Rd7 Kxb5 {[#]} 42. Rxd5+ $1 {[%mdl 576] Promotion. Accuracy: White = 61%, Black = 35%.} 1-0

[Event "Guimaraes Open 2019"]
[Site "Guimaraes"]
[Date "2019.09.01"]
[Round "7.7"]
[White "Garcia Romero, Benjamin Abel"]
[Black "Portela Peleteiro, Alberto"]
[Result "1/2-1/2"]
[WhiteElo "2164"]
[BlackElo "2375"]
[Annotator "NA"]
[PlyCount "60"]
[EventDate "2019.08.28"]
[EventType "swiss"]
[EventCountry "POR"]
[SourceTitle "playchess.com"]
[Source "ChessBase"]
[SourceQuality "1"]
[TimeControl "5400+30"]

1. d4 {[%emt 0:00:00]} f5 {[%emt 0:01:11]} 2. g3 {[%emt 0:00:54]} Nf6 {[%emt 0:00:50]} 3. Bg2 {[%emt 0:00:15]} g6 {[%emt 0:00:07]} 4. Nf3 {[%emt 0:00:08]} Bg7 {[%emt 0:00:05]} 5. O-O {[%emt 0:00:17]} O-O {[%emt 0:00:10]} 6. c4 {[%emt 0:03:44]} d6 {[%emt 0:00:04]} 7. b3 {[%emt 0:00:05]} e5 {[%emt 0:01:48]} 8. dxe5 {[%emt 0:02:47]} dxe5 {[%emt 0:00:41]} 9. Ba3 {[%emt 0:00:54]} Re8 {[%emt 0:00:43]} 10. Nc3 {[%emt 0:01:22]} e4 {[%emt 0:04:16]} 11. Nd4 {[%emt 0:04:01]} a6 {[%emt 0:08:46]} 12. Nc2 {[%emt 0:02:47]} b6 {[%emt 0:13:21]} 13. Qxd8 {[%emt 0:01:18]} Rxd8 {[%emt 0:00:09]} 14. Rad1 {[%emt 0:00:06]} Nc6 {[%emt 0:02:29]} 15. f3 {[%emt 0:01:01]} exf3 {[%emt 0:17:48]} 16. exf3 {[%emt 0:04:35]} Bb7 {[%emt 0:01:12]} 17. f4 {[%emt 0:00:17]} Rxd1 {[%emt 0:04:36]} 18. Rxd1 {[%emt 0:00:09]} Rd8 {[%emt 0:00:05]} 19. Rxd8+ {[%emt 0:06:24]} Nxd8 {[%emt 0:00:09]} 20. Be7 {[%emt 0:04:39]} Bxg2 {[%emt 0:01:34]} 21. Bxd8 {[%emt 0:00:43]} Ne8 {[%emt 0:00:35]} 22. Kxg2 {[%emt 0:00:44]} Bxc3 {[%emt 0:00:04]} 23. Ne3 {[%emt 0:00:13]} Bf6 {[%emt 0:02:12]} 24. Bxf6 {[%emt 0:00:27]} Nxf6 {[%emt 0:00:14]} 25. Kf3 {[%emt 0:00:49]} Kf7 {[%emt 0:00:06]} 26. Ke2 {[%emt 0:00:22]} Ke6 {[%emt 0:00:06]} 27. Kd3 {[%emt 0:00:15]} c5 {[%emt 0:00:19]} 28. Kc2 {[%emt 0:01:41]} Kd6 {[%emt 0:00:12]} 29. Kd3 {[%emt 0:00:09]} Ke6 {[%emt 0:00:04]} 30. Kc2 {[%emt 0:00:05] Ke5} Kd6 {[%emt 0:00:04]} 1/2-1/2

[Event "Guimaraes Open 2019"]
[Site "Guimaraes"]
[Date "2019.09.01"]
[Round "7.8"]
[White "Espineira Gonzalez, Diego"]
[Black "Prado Acebo, Ines"]
[Result "1-0"]
[WhiteElo "2362"]
[BlackElo "2142"]
[Annotator "NA"]
[PlyCount "71"]
[EventDate "2019.08.28"]
[EventType "swiss"]
[EventCountry "POR"]
[SourceTitle "playchess.com"]
[Source "ChessBase"]
[SourceQuality "1"]
[TimeControl "5400+30"]

1. e4 {[%emt 0:00:00]} e6 {[%emt 0:00:00]} 2. d4 {[%emt 0:00:21]} d5 {[%emt 0:00:00]} 3. Nd2 {[%emt 0:00:05]} c5 {[%emt 0:00:00]} 4. exd5 {[%emt 0:00:05]} Qxd5 {[%emt 0:00:16]} 5. Ngf3 {[%emt 0:00:16]} cxd4 {[%emt 0:00:09]} 6. Bc4 {[%emt 0:00:06]} Qd7 {[%emt 0:00:10]} 7. O-O {[%emt 0:00:12]} Nc6 {[%emt 0:00:07]} 8. Nb3 {[%emt 0:00:09]} Nf6 {[%emt 0:00:15]} 9. Nbxd4 {[%emt 0:00:30]} Nxd4 {[%emt 0:00:10]} 10. Nxd4 {[%emt 0:00:05]} a6 {[%emt 0:00:09]} 11. Bb3 {[%emt 0:00:08]} Bc5 {[%emt 0:00:50]} 12. Be3 {[%emt 0:07:35]} Qc7 {[%emt 0:02:55]} 13. Qe2 {[%emt 0:03:30]} O-O {[%emt 0:03:18]} 14. c3 {[%emt 0:00:09]} e5 {[%emt 0:06:38]} 15. Nc2 {[%emt 0:01:13]} Bg4 {[%emt 0:03:46]} 16. Qc4 {[%emt 0:03:47]} Rac8 {[%emt 0:01:30]} 17. Qxc5 {[%emt 0:00:07]} Qxc5 {[%emt 0:00:10]} 18. Bxc5 {[%emt 0:00:03]} Rxc5 {[%emt 0:00:06]} 19. Ne3 {[%emt 0:00:05]} Bd7 {[%emt 0:06:21]} 20. Rad1 {[%emt 0:01:03]} Rfc8 {[%emt 0:04:01]} 21. Rd2 {[%emt 0:01:44]} Kf8 {[%emt 0:06:51]} 22. Rfd1 {[%emt 0:01:58]} Ke8 {[%emt 0:04:45]} 23. f3 {[%emt 0:02:01]} a5 {[%emt 0:04:06]} 24. Nd5 {[%emt 0:03:23]} Nxd5 {[%emt 0:02:50]} 25. Bxd5 {[%emt 0:02:40]} Bc6 {[%emt 0:00:38]} 26. Bxc6+ {[%emt 0:00:04]} R5xc6 {[%emt 0:00:07]} 27. Re2 {[%emt 0:00:34]} f6 {[%emt 0:03:07]} 28. f4 {[%emt 0:00:29]} Kf8 {[%emt 0:00:59]} 29. fxe5 {[%emt 0:02:48]} Re8 {[%emt 0:03:23]} 30. Rd5 {[%emt 0:07:59]} a4 {[%emt 0:07:41]} 31. Ra5 {[%emt 0:01:45]} b5 {[%emt 0:07:39]} 32. a3 {[%emt 0:07:48]} Rb6 {[%emt 0:05:42]} 33. e6 {[%emt 0:03:18]} Ke7 {[%emt 0:11:39]} 34. Kf2 {[%emt 0:03:07]} Kd6 {[%emt 0:02:26]} 35. Ra7 {[%emt 0:00:54]} Re7 {[%emt 0:01:03]} 36. Rd2+ {[%emt 0:00:08] Kd5} 1-0

[Event "Guimaraes Open 2019"]
[Site "Guimaraes"]
[Date "2019.09.01"]
[Round "7.9"]
[White "Chueca Forcen, Alberto"]
[Black "Dias, Ivo Rodrigues"]
[Result "1/2-1/2"]
[WhiteElo "2355"]
[BlackElo "2100"]
[Annotator "TA"]
[PlyCount "106"]
[EventDate "2019.08.28"]
[EventType "swiss"]
[EventCountry "POR"]
[SourceTitle "playchess.com"]
[Source "ChessBase"]
[SourceQuality "1"]

{[%evp 9,106,8,32,28,46,-1,1,-5,0,6,31,36,86,73,108,79,110,24,23,22,20,11,20,20,20,20,19,0,0,-11,-8,-10,-10,-25,-9,-8,-8,-8,0,-25,0,0,0,0,0,0,0,-67,-50,-115,0,0,0,-8,160,0,0,0,28,28,145,143,151,146,154,163,158,0,0,0,0,0,56,28,44,41,50,6,39,16,316,311,308,299,317,314,299,285,410,409,395,385,346,124,125,131,120,-8,-8]} 1. d4 e6 2. c4 d5 3. Nc3 Bb4 4. Qc2 dxc4 (4... Nf6 5. a3 Bxc3+ 6. Qxc3 O-O 7. Bg5 h6 8. Bxf6 Qxf6 9. Nf3 c6 10. e3 Nd7 11. Rc1 a5 12. Bd3 Re8 13. O-O dxc4 14. Qxc4 e5 15. Bb1 {1-0 (46) Bu,X (2664)-Zhao,X (2553) Biel 2013}) 5. e3 c5 (5... b5 $5) 6. dxc5 {D31: Queen's Gambit Declined: Semi-Slav without ...Nf6 (+ Marshall Gambit and Noteboom) and Exchange Variation lines without ...Nf6} Nf6 7. a3 $146 ({Predecessor:} 7. Bxc4 Bd7 8. Bd2 Bxc5 9. Nf3 O-O 10. O-O Nc6 11. Rad1 Qb6 12. Qb3 Qxb3 13. Bxb3 Rfd8 14. Bc1 Be8 15. Rxd8 Rxd8 16. e4 a6 17. e5 Nd5 18. Nxd5 exd5 19. Bg5 Be7 20. Bxe7 Nxe7 21. Nd4 {½-½ (21) Ledovskih,V (1768)-Mokhov,A (1787) Omsk 2013}) 7... Bxc5 8. Bxc4 O-O 9. Nf3 Nc6 10. b4 Bb6 11. O-O Bd7 12. Bb2 Rc8 13. Qb3 (13. Ne4 $16) 13... Qe7 $11 14. Rac1 Rfd8 15. Na4 Bc7 16. Nc5 Na5 $1 {[%cal Ra5b3]} 17. bxa5 Qxc5 18. Bxf6 gxf6 19. Bd3 Qxa5 20. Qxb7 Bb6 21. Qe4 Rxc1 22. Qxh7+ Kf8 23. Rxc1 Qxa3 24. Rf1 Bc6 25. Be4 Bb5 26. Rb1 Ba6 27. h4 Rc8 28. Kh1 (28. Bc2 $11) 28... Rc1+ $1 $15 29. Ng1 {[#]} ({Better is} 29. Rxc1 $15 Qxc1+ 30. Ng1) 29... f5 (29... Rxb1 $1 $17 30. Bxb1 f5 31. Qh8+ Ke7) 30. Rxc1 Qxc1 31. Bf3 $132 {[%mdl 2048] White is not holding back} Qd2 $2 ({Much weaker is} 31... Ke7 $6 32. Bh5 $16) (31... Qb2 $11 32. Qh6+ Kg8 33. Qg5+ Kf8 34. Qh6+ Ke7 35. Qg5+ Qf6) 32. Qh6+ $2 ({White must play} 32. Bh5 $16 {[%csl Gh5][%cal Rh7f7]} Ke7 33. Qxf7+ Kd6 34. Qf8+ Kc7 35. Nh3) 32... Ke8 $11 33. Qf4 Kd8 34. Bc6 {Hoping for h5.} Kc8 (34... Ke7 $1 $11 {keeps the balance.}) 35. h5 $16 {Strongly threatening h6.} Bc7 36. Qa4 Bb7 37. Bxb7+ Kxb7 {[#]} 38. Qh4 $2 (38. h6 $1 $16 {[%cal Rh6h7]} Qb2 39. h7) 38... Bd8 $11 39. Qf4 Bc7 40. Qf3+ Qd5 (40... Kb6 $11) 41. Qh3 {h6 is the strong threat.} a5 42. h6 {Threatens to win with h7.} Be5 43. h7 Qd8 44. Qh5 {aiming for e4.} Kb6 $2 {[%mdl 8192]} (44... a4 $1 $11 {and Black stays safe.}) 45. Qxf7 $18 Qf6 46. Qg8 {And now Nf3 would win.} Qh6+ 47. Nh3 a4 48. f4 Bc3 (48... Bg7 {is a better defense.} 49. Kg1 a3) 49. Kg1 a3 50. Qb8+ Ka5 51. Qb3 $2 (51. Qa7+ $18 {has better winning chances.} Kb4 52. Nf2) 51... Bb2 $16 52. Ng5 Qh4 53. h8=Q ({Don't play} 53. Nxe6 $6 Qe1+ 54. Kh2 Qh4+ {[%mdl 64] Double Attack} 55. Kg1 Qe1+ 56. Kh2 Qh4+ {[%mdl 64] Double Attack} 57. Kg1 $11) (53. Nf3 $16 Qxh7 54. Nd2 (54. Qxe6 Qc7 $11)) 53... Qxh8 {Accuracy: White = 40%, Black = 47%.} 1/2-1/2

[Event "Guimaraes Open 2019"]
[Site "Guimaraes"]
[Date "2019.09.01"]
[Round "7.10"]
[White "Garcia Gimenez, Santiago"]
[Black "Nieves Cabanes, Jose Manuel"]
[Result "0-1"]
[WhiteElo "2161"]
[BlackElo "2311"]
[Annotator "NA"]
[PlyCount "144"]
[EventDate "2019.08.28"]
[EventType "swiss"]
[EventCountry "POR"]
[SourceTitle "playchess.com"]
[Source "ChessBase"]
[SourceQuality "1"]
[TimeControl "5400+30"]

1. e4 {[%emt 0:00:00]} e6 {[%emt 0:00:00]} 2. d4 {[%emt 0:00:00]} d5 {[%emt 0:00:00]} 3. Nd2 {[%emt 0:00:05]} Nc6 {[%emt 0:00:00]} 4. Ngf3 {[%emt 0:00:07]} Nf6 {[%emt 0:00:39]} 5. e5 {[%emt 0:00:16]} Nd7 {[%emt 0:00:07]} 6. c3 {[%emt 0:00:11]} f6 {[%emt 0:00:30]} 7. exf6 {[%emt 0:00:06]} Qxf6 {[%emt 0:00:07]} 8. Bb5 {[%emt 0:00:26]} Bd6 {[%emt 0:02:30]} 9. O-O {[%emt 0:00:59]} O-O {[%emt 0:01:41]} 10. Qe2 {[%emt 0:03:43]} e5 {[%emt 0:01:54] C04: French Tarrasch: 3...Nc6} 11. dxe5 {[%emt 0:06:42]} Ndxe5 {[%emt 0:00:36]} 12. Nxe5 {[%emt 0:00:38]} Nxe5 {[%emt 0:00:29]} 13. h3 $146 {[%emt 0:01:28]} ({Predecessor:} 13. f4 Ng4 14. Nf3 Bxf4 15. Bxf4 Qxf4 16. Rae1 c6 17. Bd3 Bd7 18. Qe7 {0-1 (36) Femiano,A (2163)-Naumkin,I (2498) Ischia 2000}) 13... c6 {[%emt 0:02:48]} 14. Bd3 {[%emt 0:05:13]} Nxd3 {[%emt 0:02:55]} 15. Qxd3 {[%emt 0:00:06]} Bf5 {[%emt 0:00:13]} 16. Qd4 {[%emt 0:01:29]} Qxd4 {[%emt 0:04:18]} 17. cxd4 {[%emt 0:00:02]} Rae8 {[%emt 0:00:25]} 18. Nb3 {[%emt 0:01:57]} Re2 {[%emt 0:05:04]} 19. Bd2 {[%emt 0:01:13]} b6 {[%emt 0:10:20]} 20. Rae1 {[%emt 0:01:14]} Rxe1 {[%emt 0:00:30]} 21. Rxe1 {[%emt 0:00:02]} c5 {[%emt 0:00:23]} 22. Bc3 {[%emt 0:02:08]} c4 {[%emt 0:04:28]} 23. Nd2 {[%emt 0:00:12]} a5 {[%emt 0:01:43]} 24. a3 {[%emt 0:01:19]} Ra8 {[%emt 0:01:17]} 25. Nf1 {[%emt 0:02:30]} Kf7 {[%emt 0:01:06]} 26. Ne3 {[%emt 0:00:30]} Be6 {[%emt 0:00:12]} 27. a4 {[%emt 0:02:46]} Rb8 {[%emt 0:05:26]} 28. Ra1 {[%emt 0:00:46]} Ke7 {[%emt 0:01:02]} 29. Nc2 {[%emt 0:02:39]} Bd7 {[%emt 0:02:07]} 30. Ne3 {[%emt 0:00:11]} Be6 {[%emt 0:00:48]} 31. Nc2 {[%emt 0:00:05]} g6 {[%emt 0:00:28]} 32. Na3 {[%emt 0:00:08]} Kd7 {[%emt 0:05:03]} 33. Nb5 {[%emt 0:00:24]} Be7 {[%emt 0:01:09]} 34. Re1 {[%emt 0:01:33]} Bf6 {[%emt 0:00:27]} 35. Bd2 {[%emt 0:01:40]} g5 {[%emt 0:01:15]} 36. f4 {[%emt 0:02:39]} gxf4 {[%emt 0:02:02]} 37. Bxf4 {[%emt 0:00:03]} Rg8 {[%emt 0:00:09]} 38. Kh2 {[%emt 0:00:44]} Bf5 {[%emt 0:01:51]} 39. Bc7 {[%emt 0:01:53]} Be4 {[%emt 0:03:37]} 40. Bg3 {[%emt 0:01:24]} Bc2 {[%emt 0:04:53]} 41. Nc3 {[%emt 0:00:23]} Bxd4 {[%emt 0:01:48]} 42. Nxd5 {[%emt 0:00:08]} Rg5 {[%emt 0:04:04]} 43. Re7+ {[%emt 0:04:13]} Kc6 {[%emt 0:00:41]} 44. Nc3 {[%emt 0:00:18]} Kc5 {[%emt 0:03:59]} 45. Rd7 {[%emt 0:07:02]} h5 {[%emt 0:05:21]} 46. Bh4 {[%emt 0:03:10]} Bxc3 {[%emt 0:05:10]} 47. Bxg5 {[%emt 0:02:05]} Be5+ {[%emt 0:01:57]} 48. Kg1 {[%emt 0:00:14]} Bxa4 {[%emt 0:00:24]} 49. Be3+ {[%emt 0:00:21]} Kc6 {[%emt 0:00:47]} 50. Rh7 {[%emt 0:00:07]} b5 {[%emt 0:00:46]} 51. Rxh5 {[%emt 0:00:09]} Bxb2 {[%emt 0:00:23]} 52. Kf2 {[%emt 0:00:59]} c3 {[%emt 0:01:06]} 53. Bd4 {[%emt 0:00:16]} Kd6 {[%emt 0:02:55]} 54. Ke2 {[%emt 0:00:55]} Bb3 {[%emt 0:00:51]} 55. Rf5 {[%emt 0:05:33]} a4 {[%emt 0:01:27]} 56. Kd3 {[%emt 0:03:27]} Bc4+ {[%emt 0:01:58]} 57. Kc2 {[%emt 0:00:10]} b4 {[%emt 0:00:39]} 58. Bc5+ {[%emt 0:04:33]} Ke6 {[%emt 0:00:05]} 59. Bxb4 {[%emt 0:00:05]} Bb3+ {[%emt 0:01:07]} 60. Kd3 {[%emt 0:00:18]} Kxf5 {[%emt 0:00:50]} 61. Bxc3 {[%emt 0:00:09]} a3 {[%emt 0:00:21]} 62. g3 {[%emt 0:00:55]} Kg5 {[%emt 0:03:00]} 63. Kd2 {[%emt 0:00:10]} Kg6 {[%emt 0:00:44]} 64. Kd3 {[%emt 0:00:13]} Kf5 {[%emt 0:00:09]} 65. Kd2 {[%emt 0:01:29]} Ke4 {[%emt 0:00:32]} 66. g4 {[%emt 0:00:54]} Kd5 {[%emt 0:03:15]} 67. g5 {[%emt 0:00:53]} Kc4 {[%emt 0:00:31]} 68. Bf6 {[%emt 0:02:19]} Kb4 {[%emt 0:01:45]} 69. Be7+ {[%emt 0:01:11]} Kc4 {[%emt 0:00:29]} 70. Bf6 {[%emt 0:01:01]} Kb5 {[%emt 0:01:11]} 71. Bc3 {[%emt 0:00:22]} Ka4 {[%emt 0:00:43]} 72. g6 {[%emt 0:00:28]} Be6 {[%emt 0:00:22]} 0-1